[Event "ZH-2023-0-02105"]
[Site "LSS email"]
[Date "2023.01.29"]
[Round "?"]
[White "Ozen, Bahadir"]
[Black "Offenborn, Heinz"]
[Result "1/2-1/2"]
[WhiteElo "2263"]
[BlackElo "2407"]
[PlyCount "39"]
[EventDate "2023.01.29"]
[EventType "match (corr)"]
[EventRounds "2"]
[EventCountry "GER"]
[SourceTitle "Corr 2024"]
[Source "ChessBase"]
[SourceDate "2023.10.19"]
[SourceVersion "1"]
[SourceVersionDate "2023.10.19"]
[SourceQuality "1"]

1. d4 Nf6 2. c4 e6 3. Nf3 d5 4. Nc3 Be7 5. Bf4 0-0 6. e3 Nbd7 7. a3 c5 8. cxd5 Nxd5 9. Nxd5 exd5 10. dxc5 Nxc5 11. Be5 Bf6 12. Bxf6 Qxf6 13. Qd4 Qd6 14. Bd3 Rd8 15. Bc2 Ne6 16. Qd3 g6 17. 0-0 Bd7 18. Rfd1 Rac8 19. Rd2 Qc5 20. Qe2 1/2-1/2

[Event "ST-2020-0-00141"]
[Site "LSS email"]
[Date "2020.03.27"]
[Round "?"]
[White "Markus, Roland"]
[Black "Offenborn, Heinz"]
[Result "1/2-1/2"]
[WhiteElo "2370"]
[BlackElo "2381"]
[PlyCount "46"]
[EventDate "2020.02.12"]
[EventType "tourn (corr)"]
[EventRounds "6"]
[EventCountry "GER"]
[SourceTitle "Corr 2022"]
[Source "ChessBase"]
[SourceDate "2021.10.24"]
[SourceVersion "1"]
[SourceVersionDate "2021.10.24"]
[SourceQuality "1"]

1. d4 Nf6 2. Bf4 d5 3. e3 c5 4. Nd2 Nc6 5. c3 e6 6. Ngf3 Bd6 7. Bg3 0-0 8. Bd3 b6 9. e4 Be7 10. e5 Nh5 11. Ng5 Bxg5 12. Qxh5 g6 13. Qe2 cxd4 14. h4 Be7 15. h5 dxc3 16. bxc3 d4 17. hxg6 hxg6 18. Ne4 Kg7 19. Nd6 Rh8 20. Rxh8 Qxh8 21. Qf3 Qh1+ 22. Bf1 Bxd6 23. exd6 Bd7 1/2-1/2

[Event "ST-2020-0-00141"]
[Site "LSS email"]
[Date "2020.03.27"]
[Round "?"]
[White "Offenborn, Heinz"]
[Black "Wosch, Arkadiusz Janusz"]
[Result "1/2-1/2"]
[WhiteElo "2381"]
[BlackElo "2372"]
[PlyCount "31"]
[EventDate "2020.02.12"]
[EventType "tourn (corr)"]
[EventRounds "6"]
[EventCountry "GER"]
[SourceTitle "Corr 2022"]
[Source "ChessBase"]
[SourceDate "2021.10.24"]
[SourceVersion "1"]
[SourceVersionDate "2021.10.24"]
[SourceQuality "1"]

1. d4 Nf6 2. c4 e6 3. Nf3 d5 4. Nc3 c6 5. e3 Nbd7 6. cxd5 exd5 7. Bd3 Bd6 8. 0-0 0-0 9. Re1 Re8 10. Qc2 Nf8 11. h3 Bd7 12. a3 h6 13. Bd2 a6 14. b4 Qc8 15. e4 dxe4 16. Nxe4 1/2-1/2

[Event "GER T293-C07-S email"]
[Site "GER email"]
[Date "2019.06.01"]
[Round "?"]
[White "Feldt, Klaus Juergen"]
[Black "Offenborn, Heinz"]
[Result "0-1"]
[WhiteElo "1186"]
[BlackElo "2090"]
[PlyCount "112"]
[EventDate "2019.06.07"]
[EventType "tourn (corr)"]
[EventRounds "8"]
[EventCountry "GER"]
[SourceTitle "Corr 2022"]
[Source "ChessBase"]
[SourceDate "2021.10.24"]
[SourceVersion "1"]
[SourceVersionDate "2021.10.24"]
[SourceQuality "1"]

1. e4 e6 2. d4 d5 3. Nd2 c5 4. exd5 Qxd5 5. Ndf3 Nf6 6. Ne2 Nc6 7. Nc3 Qd6 8. Nb5 Qd7 9. dxc5 Bxc5 10. Qxd7+ Kxd7 11. Bf4 a6 12. Nc3 Ke7 13. 0-0-0 b5 14. Be2 Bb7 15. Rd3 Rhc8 16. a3 Bxf2 17. Bd6+ Ke8 18. Rf1 Bb6 19. Rfd1 Ne7 20. Nh4 Ba5 21. Be5 Ne4 22. Bf3 Nxc3 23. Bxb7 Nxd1 24. Rxd1 f6 25. Bg3 Ra7 26. Bxc8 Nxc8 27. Bf2 Rd7 28. Nf3 Bb6 29. Bxb6 Rxd1+ 30. Kxd1 Nxb6 31. Nd2 Ke7 32. b3 e5 33. Ke2 f5 34. Nf3 Kf6 35. g3 e4 36. Nd4 g5 37. Nc6 f4 38. Nb4 f3+ 39. Kf2 a5 40. Nc6 g4 41. Nxa5 Nd5 42. Nc6 e3+ 43. Ke1 Nc3 44. Nb4 Ke5 45. a4 bxa4 46. Nd3+ Ke4 47. bxa4 Nxa4 48. Nf4 Nc3 49. Nd3 Kd4 50. Nc1 e2 51. Nd3 h5 52. Nf2 Ke3 53. Nh1 Ne4 54. h3 h4 55. gxh4 g3 56. Nxg3 f2# 0-1

[Event "GER T293-C07-S email"]
[Site "GER email"]
[Date "2019.06.01"]
[Round "?"]
[White "Offenborn, Heinz"]
[Black "Feldt, Klaus Juergen"]
[Result "1-0"]
[WhiteElo "2090"]
[BlackElo "1186"]
[PlyCount "65"]
[EventDate "2019.06.07"]
[EventType "tourn (corr)"]
[EventRounds "8"]
[EventCountry "GER"]
[SourceTitle "Corr 2022"]
[Source "ChessBase"]
[SourceDate "2021.10.24"]
[SourceVersion "1"]
[SourceVersionDate "2021.10.24"]
[SourceQuality "1"]

1. e4 e6 2. d4 d5 3. Nd2 c5 4. exd5 Qxd5 5. Ngf3 cxd4 6. Bc4 Qc5 7. Qe2 Nc6 8. 0-0 Nf6 9. Rd1 Qh5 10. Nb3 Bc5 11. Nxc5 Qxc5 12. b4 Qxb4 13. a4 Ne4 14. Ba3 Nc3 15. Qd3 Qb6 16. Re1 Bd7 17. a5 Nxa5 18. Nxd4 Nxc4 19. Qxc3 Nxa3 20. Nf5 Bc6 21. Nxg7+ Kd7 22. Rad1+ Bd5 23. Qxa3 Qa6 24. Rxd5+ exd5 25. Qe7+ Kc8 26. Ne8 Qb6 27. Nd6+ Kb8 28. Nb5 Kc8 29. Qe5 Qa5 30. g3 h5 31. Qf5+ Kd8 32. Qxd5+ Kc8 33. Re7 1-0

[Event "GER T293-C07-S email"]
[Site "GER email"]
[Date "2019.06.01"]
[Round "?"]
[White "Offenborn, Heinz"]
[Black "Frotscher, Thomas"]
[Result "1/2-1/2"]
[WhiteElo "2090"]
[BlackElo "2066"]
[PlyCount "113"]
[EventDate "2019.06.07"]
[EventType "tourn (corr)"]
[EventRounds "8"]
[EventCountry "GER"]
[SourceTitle "Corr 2022"]
[Source "ChessBase"]
[SourceDate "2021.10.24"]
[SourceVersion "1"]
[SourceVersionDate "2021.10.24"]
[SourceQuality "1"]

1. e4 e6 2. d4 d5 3. Nd2 c5 4. exd5 Qxd5 5. Ngf3 cxd4 6. Bc4 Qd7 7. 0-0 Nc6 8. Nb3 a6 9. Nbxd4 Nxd4 10. Nxd4 Qc7 11. Bd3 Nf6 12. Re1 Bd6 13. h3 Bh2+ 14. Kh1 Bf4 15. Bxf4 Qxf4 16. c3 0-0 17. Qf3 Qc7 18. Rad1 Rd8 19. Bc2 h6 20. a3 Rb8 21. Qe3 Bd7 22. Kg1 b5 23. Qe5 Qxe5 24. Rxe5 Be8 25. f3 Nd7 26. Re2 Nb6 27. Bb3 Rd6 28. f4 Bc6 29. Nxc6 Rxc6 30. g4 Kf8 31. Kg2 g5 32. Rf2 gxf4 33. Rxf4 Kg7 34. Kg3 a5 35. Rd2 Rc5 36. Kf3 Rb7 37. Rfd4 Kf6 38. Rf4+ Ke7 39. Kg3 Re5 40. Rdf2 Kf8 41. Kh4 Re3 42. R4f3 Re1 43. Rf1 Re5 44. Rf4 Rc7 45. R1f2 Re3 46. R4f3 Re1 47. Rf4 Kg7 48. Rf1 Re3 49. R1f3 Re5 50. Rf2 Re3 51. R2f3 Re1 52. Rf1 Rxf1 53. Rxf1 Rc5 54. Rf2 Re5 55. Bd1 Kf8 56. Re2 Rc5 57. Rg2 1/2-1/2

[Event "GER T293-C07-S email"]
[Site "GER email"]
[Date "2019.06.01"]
[Round "?"]
[White "Offenborn, Heinz"]
[Black "Waibel, Ulrich"]
[Result "1-0"]
[WhiteElo "2090"]
[BlackElo "1446"]
[PlyCount "37"]
[EventDate "2019.06.07"]
[EventType "tourn (corr)"]
[EventRounds "8"]
[EventCountry "GER"]
[SourceTitle "Corr 2022"]
[Source "ChessBase"]
[SourceDate "2021.10.24"]
[SourceVersion "1"]
[SourceVersionDate "2021.10.24"]
[SourceQuality "1"]

1. e4 e6 2. d4 d5 3. Nd2 c5 4. exd5 Qxd5 5. Ngf3 Nf6 6. Bc4 Qd6 7. 0-0 cxd4 8. Nb3 Be7 9. Nbxd4 0-0 10. Qe2 Bd7 11. Rd1 Qc7 12. Ne5 Nd5 13. Nxd7 Qxd7 14. Bb3 Rd8 15. Nb5 a6 16. c4 axb5 17. cxd5 e5 18. Qxe5 Nc6 19. Qe4 1-0

[Event "GER T296-B97-S email"]
[Site "GER email"]
[Date "2019.05.03"]
[Round "?"]
[White "Offenborn, Heinz"]
[Black "Schneider, German"]
[Result "1/2-1/2"]
[WhiteElo "2090"]
[BlackElo "2034"]
[PlyCount "36"]
[EventDate "2019.05.10"]
[EventType "tourn (corr)"]
[EventRounds "8"]
[EventCountry "GER"]
[SourceTitle "Corr 2022"]
[Source "ChessBase"]
[SourceDate "2021.10.24"]
[SourceVersion "1"]
[SourceVersionDate "2021.10.24"]
[SourceQuality "1"]

1. e4 c5 2. Nf3 d6 3. d4 cxd4 4. Nxd4 Nf6 5. Nc3 a6 6. Bg5 e6 7. f4 Qb6 8. Qd2 Qxb2 9. Rb1 Qa3 10. f5 Nc6 11. fxe6 fxe6 12. Nxc6 bxc6 13. Be2 Be7 14. 0-0 0-0 15. Rb3 Qc5+ 16. Be3 Qe5 17. Bd4 Qa5 18. Bb6 Qe5 1/2-1/2

[Event "GER T296-B97-S email"]
[Site "GER email"]
[Date "2019.05.03"]
[Round "?"]
[White "Schneider, German"]
[Black "Offenborn, Heinz"]
[Result "1/2-1/2"]
[WhiteElo "2034"]
[BlackElo "2090"]
[PlyCount "42"]
[EventDate "2019.05.10"]
[EventType "tourn (corr)"]
[EventRounds "8"]
[EventCountry "GER"]
[SourceTitle "Corr 2022"]
[Source "ChessBase"]
[SourceDate "2021.10.24"]
[SourceVersion "1"]
[SourceVersionDate "2021.10.24"]
[SourceQuality "1"]

1. e4 c5 2. Nf3 d6 3. d4 cxd4 4. Nxd4 Nf6 5. Nc3 a6 6. Bg5 e6 7. f4 Qb6 8. Qd2 Qxb2 9. Rb1 Qa3 10. e5 dxe5 11. fxe5 Nfd7 12. Ne4 Qxa2 13. Rd1 Qd5 14. Qe3 h6 15. Bh4 Qxe5 16. Be2 Bc5 17. Bg3 Bxd4 18. Rxd4 Qa5+ 19. Rd2 0-0 20. Bd6 Rd8 21. Qg3 Nc6 1/2-1/2

[Event "GER T294-B02-S email"]
[Site "GER email"]
[Date "2019.03.23"]
[Round "?"]
[White "Hoexter, Heinrich"]
[Black "Offenborn, Heinz"]
[Result "1/2-1/2"]
[WhiteElo "2053"]
[BlackElo "2074"]
[PlyCount "30"]
[EventDate "2019.03.31"]
[EventType "tourn (corr)"]
[EventRounds "8"]
[EventCountry "GER"]
[SourceTitle "Corr 2022"]
[Source "ChessBase"]
[SourceDate "2021.10.24"]
[SourceVersion "1"]
[SourceVersionDate "2021.10.24"]
[SourceQuality "1"]

1. e4 Nf6 2. e5 Nd5 3. d4 d6 4. c4 Nb6 5. exd6 exd6 6. Nc3 Be7 7. Bd3 0-0 8. Nge2 Be6 9. b3 d5 10. c5 Nc8 11. Be3 Bf6 12. 0-0 Nc6 13. f4 Bg4 14. h3 Bxe2 15. Nxe2 a5 1/2-1/2

[Event "GER T294-B02-S email"]
[Site "GER email"]
[Date "2019.03.23"]
[Round "?"]
[White "Offenborn, Heinz"]
[Black "Schneider, German"]
[Result "1/2-1/2"]
[WhiteElo "2074"]
[BlackElo "2034"]
[PlyCount "57"]
[EventDate "2019.03.31"]
[EventType "tourn (corr)"]
[EventRounds "8"]
[EventCountry "GER"]
[SourceTitle "Corr 2022"]
[Source "ChessBase"]
[SourceDate "2021.10.24"]
[SourceVersion "1"]
[SourceVersionDate "2021.10.24"]
[SourceQuality "1"]

1. e4 Nf6 2. e5 Nd5 3. d4 d6 4. Nf3 dxe5 5. Nxe5 c6 6. Be2 Bf5 7. 0-0 Nd7 8. Nf3 e6 9. c4 N5f6 10. Nc3 Ne4 11. Qb3 Nxc3 12. bxc3 Qc7 13. Nh4 Be4 14. Re1 Be7 15. Bf1 Nf6 16. g3 h6 17. Bf4 Qb6 18. c5 Qxb3 19. axb3 g5 20. Be5 gxh4 21. Bxf6 Bxf6 22. Rxe4 hxg3 23. fxg3 a5 24. Be2 h5 25. Rf1 Bd8 26. Re5 Ke7 27. Rxh5 Rxh5 28. Bxh5 f5 29. Kg2 1/2-1/2

[Event "GER T294-B02-S email"]
[Site "GER email"]
[Date "2019.03.23"]
[Round "?"]
[White "Schneider, German"]
[Black "Offenborn, Heinz"]
[Result "1-0"]
[WhiteElo "2034"]
[BlackElo "2074"]
[PlyCount "63"]
[EventDate "2019.03.31"]
[EventType "tourn (corr)"]
[EventRounds "8"]
[EventCountry "GER"]
[SourceTitle "Corr 2022"]
[Source "ChessBase"]
[SourceDate "2021.10.24"]
[SourceVersion "1"]
[SourceVersionDate "2021.10.24"]
[SourceQuality "1"]

1. e4 Nf6 2. e5 Nd5 3. d4 d6 4. c4 Nb6 5. f4 dxe5 6. fxe5 Nc6 7. Be3 Bf5 8. Nc3 e6 9. Nf3 Bg4 10. Be2 Bxf3 11. gxf3 Qh4+ 12. Bf2 Qf4 13. c5 Nd7 14. 0-0 Be7 15. d5 Ncxe5 16. Bg3 Qe3+ 17. Kh1 Qxc5 18. Rc1 0-0 19. f4 Ng6 20. dxe6 Nf6 21. f5 Ne5 22. Nb5 Qe3 23. Qc2 Bd6 24. Bf4 Qb6 25. Nxc7 Rac8 26. e7 Rxc7 27. exf8Q+ Kxf8 28. Qd2 Ne4 29. Qe3 Qxe3 30. Bxe3 Rxc1 31. Rxc1 a5 32. Rd1 1-0

[Event "RM-2019-0-00185"]
[Site "LSS email"]
[Date "2019.02.09"]
[Round "?"]
[White "Offenborn, Heinz"]
[Black "Menendez Rodriguez, Giraldo"]
[Result "1/2-1/2"]
[WhiteElo "2432"]
[BlackElo "2317"]
[PlyCount "79"]
[EventDate "2018.05.24"]
[EventType "tourn (corr)"]
[EventRounds "6"]
[EventCountry "GER"]
[SourceTitle "Corr 2022"]
[Source "ChessBase"]
[SourceDate "2021.10.24"]
[SourceVersion "1"]
[SourceVersionDate "2021.10.24"]
[SourceQuality "1"]

1. d4 Nf6 2. c4 g6 3. Nc3 Bg7 4. e4 d6 5. Nf3 0-0 6. Be2 e5 7. 0-0 Nc6 8. d5 Ne7 9. b4 Nh5 10. Re1 f5 11. Nd2 Nf6 12. c5 fxe4 13. Ndxe4 Nf5 14. Bc4 b6 15. Nxf6+ Bxf6 16. Ne4 a5 17. cxd6 Nxd6 18. Bb3 Bh4 19. bxa5 Bf5 20. Ng3 bxa5 21. Bb2 e4 22. Rc1 Rf7 23. Bd4 Bf6 24. Rc6 Bxd4 25. Qxd4 Qg5 26. a4 h5 27. Qe3 Qxe3 28. Rxe3 h4 29. Nf1 Rb8 30. Rc5 Nb7 31. Rcc3 Nd6 32. h3 g5 33. Nd2 Rb4 34. Rc5 Rd4 35. Nf1 g4 36. hxg4 Bxg4 37. Rec3 Rd3 38. Bc2 Rxc3 39. Rxc3 Kg7 40. Ne3 1/2-1/2

[Event "RM-2018-0-00185"]
[Site "LSS email"]
[Date "2018.12.27"]
[Round "?"]
[White "Muniz Pardino, Alberto"]
[Black "Offenborn, Heinz"]
[Result "1/2-1/2"]
[WhiteElo "2256"]
[BlackElo "2432"]
[PlyCount "30"]
[EventDate "2018.05.24"]
[EventType "tourn (corr)"]
[EventRounds "6"]
[EventCountry "GER"]
[SourceTitle "Corr 2022"]
[Source "ChessBase"]
[SourceDate "2021.10.24"]
[SourceVersion "1"]
[SourceVersionDate "2021.10.24"]
[SourceQuality "1"]

1. d4 Nf6 2. c4 e6 3. Nc3 Bb4 4. f3 d5 5. a3 Bxc3+ 6. bxc3 c5 7. cxd5 Nxd5 8. dxc5 Qa5 9. e4 Nf6 10. Be3 0-0 11. Ne2 Nfd7 12. Kf2 Nxc5 13. Nd4 Bd7 14. Be2 Ba4 15. Qb1 Qc7 1/2-1/2

[Event "RM-2018-0-00179"]
[Site "LSS email"]
[Date "2018.02.21"]
[Round "?"]
[White "Offenborn, Heinz"]
[Black "Margana, Adhy"]
[Result "1/2-1/2"]
[WhiteElo "2448"]
[BlackElo "2236"]
[PlyCount "21"]
[EventDate "2017.10.01"]
[EventType "tourn (corr)"]
[EventRounds "6"]
[EventCountry "GER"]
[SourceTitle "Corr 2022"]
[Source "ChessBase"]
[SourceDate "2021.10.24"]
[SourceVersion "1"]
[SourceVersionDate "2021.10.24"]
[SourceQuality "1"]

1. d4 Nf6 2. c4 e6 3. Nf3 d5 4. Nc3 c6 5. e3 Nbd7 6. Bd3 dxc4 7. Bxc4 b5 8. Bd3 Bb7 9. 0-0 a6 10. e4 c5 11. d5 1/2-1/2

[Event "GER rap16 FSM/V04 email"]
[Site "GER email"]
[Date "2018.01.15"]
[Round "?"]
[White "Angermann, Immo Frank"]
[Black "Offenborn, Heinz"]
[Result "0-1"]
[WhiteElo "1756"]
[BlackElo "2112"]
[PlyCount "52"]
[EventDate "2018.01.20"]
[EventType "tourn (corr)"]
[EventRounds "4"]
[EventCountry "GER"]
[SourceTitle "Corr 2020"]
[Source "ChessBase"]
[SourceDate "2019.09.30"]
[SourceVersion "1"]
[SourceVersionDate "2019.09.30"]
[SourceQuality "1"]

1. e4 e5 2. Nf3 Nc6 3. Bc4 Bc5 4. c3 Nf6 5. b4 Bb6 6. d3 d6 7. a4 a5 8. b5 Ne7 9. Bg5 0-0 10. Bxf6 gxf6 11. Nh4 c6 12. Na3 f5 13. Qh5 d5 14. exd5 cxd5 15. Bb3 Ng6 16. Nxf5 Qf6 17. Nh6+ Kg7 18. Ng4 Bxg4 19. Qxg4 Qxf2+ 20. Kd1 Qb2 21. Rb1 Qxa3 22. h4 Rac8 23. c4 dxc4 24. dxc4 Qb4 25. Bc2 Rfd8+ 26. Kc1 Be3# 0-1

[Event "RM-2017-0-00178"]
[Site "LSS email"]
[Date "2017.12.16"]
[Round "?"]
[White "Offenborn, Heinz"]
[Black "Sacerdotali, Sergio"]
[Result "1-0"]
[WhiteElo "2448"]
[BlackElo "2155"]
[PlyCount "91"]
[EventDate "2017.07.19"]
[EventType "tourn (corr)"]
[EventRounds "6"]
[EventCountry "GER"]
[SourceTitle "Corr 2022"]
[Source "ChessBase"]
[SourceDate "2021.10.24"]
[SourceVersion "1"]
[SourceVersionDate "2021.10.24"]
[SourceQuality "1"]

1. d4 d5 2. c4 dxc4 3. Nf3 a6 4. e3 e6 5. Bxc4 Nf6 6. 0-0 c5 7. Bb3 Nc6 8. Nc3 cxd4 9. exd4 Be7 10. a3 0-0 11. Re1 Na5 12. Ba2 b5 13. d5 exd5 14. Nxd5 Nxd5 15. Qxd5 Be6 16. Qxd8 Raxd8 17. Bxe6 fxe6 18. Bg5 Bxg5 19. Nxg5 Rd2 20. Rad1 Rxb2 21. Nxe6 Re8 22. h4 Rb3 23. Rd7 Rxa3 24. h5 Ra4 25. Re3 Rh4 26. Ng5 Rc8 27. f4 Rxh5 28. Rc7 Rb8 29. Ree7 Nc4 30. Rxg7+ Kh8 31. Rgd7 Nb6 32. Rd3 Kg8 33. Ne4 Kh8 34. g4 Rh6 35. f5 Rf8 36. g5 Rh5 37. Rb7 Na4 38. g6 hxg6 39. fxg6 Rg8 40. Rg3 Rh6 41. g7+ Kh7 42. Ng5+ Kg6 43. Nf7+ Kh7 44. Nxh6 Kxh6 45. Kg2 Kh7 46. Kf3 1-0

[Event "RM-2017-0-00176"]
[Site "LSS email"]
[Date "2017.11.16"]
[Round "?"]
[White "Margana, Adhy"]
[Black "Offenborn, Heinz"]
[Result "1-0"]
[WhiteElo "2236"]
[BlackElo "2448"]
[PlyCount "37"]
[EventDate "2017.02.02"]
[EventType "tourn (corr)"]
[EventRounds "6"]
[EventCountry "GER"]
[SourceTitle "Corr 2022"]
[Source "ChessBase"]
[SourceDate "2021.10.24"]
[SourceVersion "1"]
[SourceVersionDate "2021.10.24"]
[SourceQuality "1"]

1. d4 Nf6 2. c4 e6 3. g3 d5 4. Nf3 dxc4 5. Bg2 a6 6. 0-0 Nc6 7. e3 Bd7 8. Qe2 b5 9. b3 cxb3 10. axb3 Be7 11. Bd2 0-0 12. Rc1 Bd6 13. Ng5 Ne7 14. Ba5 Ra7 15. Nd2 Qe8 16. e4 e5 17. f4 exf4 18. e5 Nc6 19. Nde4 1-0

[Event "GER T264-D32-S email"]
[Site "GER email"]
[Date "2017.11.11"]
[Round "?"]
[White "Lehmann, Rainer"]
[Black "Offenborn, Heinz"]
[Result "1/2-1/2"]
[WhiteElo "1966"]
[BlackElo "2090"]
[PlyCount "124"]
[EventDate "2017.11.21"]
[EventType "tourn (corr)"]
[EventRounds "8"]
[EventCountry "GER"]
[SourceTitle "Corr 2022"]
[Source "ChessBase"]
[SourceDate "2021.10.24"]
[SourceVersion "1"]
[SourceVersionDate "2021.10.24"]
[SourceQuality "1"]

1. d4 d5 2. c4 e6 3. Nc3 c5 4. cxd5 cxd4 5. Qa4+ Bd7 6. Qxd4 exd5 7. Qxd5 Nf6 8. Qxb7 Nc6 9. Bf4 Bb4 10. Nf3 0-0 11. e3 a6 12. Qc7 Qe7 13. Rd1 Rfc8 14. Qb6 Ba5 15. Qb3 Rcb8 16. Bxb8 Rxb8 17. Qc4 Rxb2 18. Be2 Ne5 19. Nxe5 Qxe5 20. 0-0 Bxc3 21. Qxa6 Ba5 22. Bf3 Bc7 23. g3 g6 24. Rb1 Rxb1 25. Rxb1 Qf5 26. Qa8+ Kg7 27. Rc1 Be5 28. Qb7 h5 29. h4 Qh3 30. Bg2 Qg4 31. Qf3 Qb4 32. Qd1 Bf5 33. Qb3 Qd2 34. Rd1 Qe2 35. Bf1 Qg4 36. Bg2 Ne4 37. Qd5 Bf6 38. Re1 Nxg3 39. e4 Nxe4 40. Rxe4 Bxe4 41. Qxe4 Qd1+ 42. Bf1 Qd2 43. Bc4 Bd4 44. Qf3 Qc1+ 45. Bf1 Qa1 46. Qf4 Bf6 47. Qc4 Bd8 48. Qf4 Qxa2 49. Bc4 Qb1+ 50. Kg2 Qb7+ 51. Kg1 Bf6 52. Kh2 Bb2 53. Kg1 f5 54. Kh2 Qe7 55. Kg2 Bf6 56. Kh3 Qc5 57. Kg2 Kh7 58. Be2 Qe7 59. Bxh5 gxh5 60. Qxf5+ Kh6 61. Qf4+ Kg7 62. Qg3+ Kh7 1/2-1/2

[Event "GER T264-D32-S email"]
[Site "GER email"]
[Date "2017.11.11"]
[Round "?"]
[White "Offenborn, Heinz"]
[Black "Lehmann, Rainer"]
[Result "1-0"]
[WhiteElo "2090"]
[BlackElo "1966"]
[PlyCount "87"]
[EventDate "2017.11.21"]
[EventType "tourn (corr)"]
[EventRounds "8"]
[EventCountry "GER"]
[SourceTitle "Corr 2022"]
[Source "ChessBase"]
[SourceDate "2021.10.24"]
[SourceVersion "1"]
[SourceVersionDate "2021.10.24"]
[SourceQuality "1"]

1. d4 d5 2. c4 e6 3. Nc3 c5 4. cxd5 cxd4 5. Qa4+ Bd7 6. Qxd4 exd5 7. Qxd5 Nc6 8. Qb3 Be6 9. Qc2 Bc5 10. Nf3 Nf6 11. e3 0-0 12. Be2 Nb4 13. Qb1 Qe7 14. a3 Nbd5 15. Bd2 Rfd8 16. 0-0 Bg4 17. h3 Bh5 18. Qf5 h6 19. Rfd1 Bg6 20. Qe5 Qf8 21. Nxd5 Rxd5 22. Qc3 Rad8 23. Qb3 Qe7 24. Ba5 b6 25. Bc3 Rxd1+ 26. Rxd1 Ne4 27. Rxd8+ Qxd8 28. Be1 Bd6 29. Qd1 Qc8 30. Bd3 Qe6 31. b4 Qd5 32. Qc2 Ng5 33. Bxg6 Nxf3+ 34. gxf3 Qg5+ 35. Kf1 fxg6 36. Qc4+ Kh7 37. Bc3 Qf5 38. Kg2 Be5 39. Bxe5 Qxe5 40. Qe4 Qg5+ 41. Qg4 Qb5 42. h4 a5 43. Qd4 axb4 44. axb4 1-0

[Event "RM-2017-0-00176"]
[Site "LSS email"]
[Date "2017.11.07"]
[Round "?"]
[White "Szabo, Mihaly"]
[Black "Offenborn, Heinz"]
[Result "1/2-1/2"]
[WhiteElo "2389"]
[BlackElo "2448"]
[PlyCount "56"]
[EventDate "2017.02.02"]
[EventType "tourn (corr)"]
[EventRounds "6"]
[EventCountry "GER"]
[SourceTitle "Corr 2022"]
[Source "ChessBase"]
[SourceDate "2021.10.24"]
[SourceVersion "1"]
[SourceVersionDate "2021.10.24"]
[SourceQuality "1"]

1. e4 e5 2. Nf3 Nc6 3. Bb5 a6 4. Ba4 Nf6 5. 0-0 Be7 6. Re1 b5 7. Bb3 d6 8. a4 Bg4 9. c3 0-0 10. d3 Na5 11. Bc2 b4 12. Nbd2 c5 13. cxb4 cxb4 14. h3 Bh5 15. Nb3 Nc6 16. g4 Bg6 17. d4 d5 18. exd5 Bxc2 19. Qxc2 Nxd4 20. Nfxd4 exd4 21. Nxd4 Nxd5 22. Rd1 Bf6 23. Nf5 Ra7 24. Qd3 Rd7 25. Qxa6 g6 26. Ng3 Re8 27. Qb5 Nb6 28. Rf1 Nd5 1/2-1/2